000 00625nam a2200241Ia 4500
001 2743
005 20240113233552.0
007 ta
008 050301s1947 g b000 u hin u
040 _aCotton College,Assam
041 _ahin
082 _a891.431
_bG 959 Om
100 _aGupta, Raghubans Lal .
245 0 _aOmar Khoiam ki Rubaia /
_cRaghubans Lal Gupta.
_hTextual Documents
250 _a2nd ed. /
260 _aAllahabad :
_bKitabistan ,
_c1947.
300 _a75p. ;
_c18cm.
653 _aHindi poetry
653 _aGen-Hindi
942 _2ddc
_cBK
999 _c2736
_d2736